| 000 | 00639cam a2200217 a 4500 | ||
|---|---|---|---|
| 001 | 3278093 | ||
| 005 | 20180208034218.0 | ||
| 008 | 820707s1983 nyua b 001 0 eng | ||
| 010 | _a 82010506 | ||
| 020 | _a0387907181 | ||
| 040 |
_aDLC _cDLC _dDLC |
||
| 041 | _aeng | ||
| 080 | _a616 JOH | ||
| 082 | 0 | 0 |
_a616 JOH _219 |
| 100 | _a3 | ||
| 101 | _aSHM | ||
| 245 | 0 | 0 |
_aFamily medicine : _ceditor, Robert B. Taylor, associate editors, John L. Buckingham ... [et al.]. |
| 504 | _aIncludes bibliographical references and index. | ||
| 906 |
_a7 _bcbc _corignew _d1 _eocip _f19 _gy-gencatlg |
||
| 942 |
_2ddc _cBK |
||
| 999 |
_c42079 _d42079 |
||